Bunalımdan çıkış için Muharrem Şimşek'ten Devlet Bahçeli'ye mektuplar (Kayıt no. 5321)
[ düz görünüm ]
| 000 -BAŞLIK | |
|---|---|
| Sabit Uzunlukta Kontrol Alanı | 00861na a2200277 4500 |
| 001 - KONTROL NUMARASI | |
| Denetim Alanı | 18042 |
| 003 - KONTROL NUMARASI IDENTIFIER | |
| Denetim Alanı | MIRAKIL |
| 005 - SON İŞLEM TARİHİ VE ZAMANI | |
| Denetim Alanı | 20181213155033.0 |
| 008 - SABİT-BOY VERİ ELEMANLARI - GENEL BİLGİLER | |
| Sabit Uzunlukta Kontrol Alanı | 161110b tu 000 0 |
| 020 ## - ULUSLARARASI STANDART KİTAP NUMARASI | |
| Uluslararası Standart Kitap Numarası | 9757404241 |
| 035 ## - SİSTEM KONTROL NUMARASI | |
| Sistem Kontrol Numarası | 18042 |
| 040 ## - KATALOGLAMA KAYNAK | |
| Orijinal Kataloglama Ajansı | Milas |
| Kataloglama Dili | tur |
| Metne Dönüştürmek Ajansı | TR-AnCHP |
| 041 ## - DİL KODU | |
| Metin / Ses Parça Veya Ayrı Başlığın Dil Kodu | tur |
| 082 ## - DEWEY ONLU SINIFLANDIRMA NUMARASI | |
| Sınıflandırma Numarası | 324.2183 |
| Ürün Numarası | Ş35b 2003 |
| 090 ## - SINIFLAMA NUMARASI | |
| Sınıflama Numarası | 324.2183 Ş35b 2003 |
| 100 ## - ANA GİRİŞ - KİŞİSEL İSİM | |
| Kişisel Ad | Şemsek, Muharrem |
| 245 ## - BAŞLIK TABLOSU | |
| Başlık | Bunalımdan çıkış için Muharrem Şimşek'ten Devlet Bahçeli'ye mektuplar |
| Sorumluluk Tablosu, Vb | Muharrem Şemsek |
| 260 ## - YAYIN, DAĞITIM, VB | |
| Yayın, Dağıtım, Vb Yeri | Erzurum |
| Yayıncı, Dağıtıcı, Vs Adı | Taş Medrese Yayınları |
| Yayın, Dağıtım, Vb Tarihi | 2003 |
| 300 ## - FİZİKSEL TANIM | |
| Kapsam | 88 s. |
| Diğer Fiziksel Ayrıntıları | res. |
| Boyutlar | 21 sm. |
| 440 ## - SERİSİ TABLOSU / KATMA GİRİŞİ - BAŞLIK | |
| Başlık | Taş Medrese Yayınları |
| Hacim / Ardışık Tanımı | 35 |
| 490 ## - SERİSİ TABLOSU | |
| Seri Beyanı | Siyasi-Fikir |
| Hacim / Ardışık Tanımı | 7 |
| 600 ## - KONU KATMA GİRİŞ - KURUMSAL ADI | |
| Kişisel Ad | Bahçeli, Devlet |
| Genel Alt Bölümü | Mektuplar |
| 610 ## - KONU KATMA GİRİŞ - TOPLANTI ADI | |
| Giriş Elemanı Olarak Kurumsal Ad Veya Yargı Alanı Adı | Milliyetçi Halk Partisi (MHP) |
| Genel Alt Bölüm | Mektuplar |
| 650 ## - KONU KATMA GİRİŞ - TOPİKAL DÖNEM | |
| Topikal Süreli Veya Coğrafi Ad Giriş Elemanı | Siyasal partiler |
| Genel Alt Bölümü | Milliyetçi partiler |
| Coğrafi Alt Bölümü | Türkiye |
| 942 ## - EKLENDİ GİRİŞ ELEMANLARI (KOHA) | |
| Sınıflandırma Veya Raf Düzeni Kaynak | |
| Koha Öğesi Türü | Kitaplar |
| 999 ## - SİSTEM KONTROL NUMARALARI (KOHA) | |
| Koha Biblionumber | 5321 |
| Koha Biblioitemnumber | 5321 |
| Kalıcı Konum | Mevcut Konum | Edinme Tarihi | Edinim Kaynak | Toplam Check-Out'Lar | Tam Çağrı Numarası | Barkod | Tarih Son Görülme | İtibaren Geçerli Fiyatlar | Koha Öğesi Türü |
|---|---|---|---|---|---|---|---|---|---|
| CHP Kütüphanesi | CHP Kütüphanesi | 11/10/2016 | Bağış | 324.2183 Ş35b 2003 | 008556 | 11/10/2016 | 11/10/2016 | Kitaplar |
